LDR 00788naa#a2200193#i#450# 001 EN\\bibl\19749 005 20260603041441.3 100 ## _a20260601b2026####ek#y0engy0150####ca 102 ## _aRU 200 1# _aURBAN GREENING: ANALYSIS OF THE STATE AND DEVELOPMENT PROSPECTS _eConference article/thesis 210 1# _aVoronezh _cFSBE Institution of Higher Education Voronezh State University of Forestry and Technologies named after G.F. Morozov _d2026 215 ## _a7 с. 608 ## _aConference article/thesis _2local 675 ## _aпромышленных, горно-промышленных земель и т. п.. 631.618 _z 700 #1 _aAlieva _gElena Sergeevna 700 #1 _aMalinina _gTat'yana Anatol'evna 700 #1 _aManukovskaya _gA. V. 700 #1 _aDedenko _gTat'yana Petrovna 856 4# _abibl.vgltu.ru _u